000 00624nam a22001937a 4500
005 20250530103812.0
010 _aENG-145027
020 _a9789355430434
_c499.00
035 _aEN-128559
037 _bDBAD
082 _a158.1
_21
100 _aMoestl, Bernhard
_981462
245 _aShaolin:
_cBernhard Moestl
_bHow To Win Without Fighting/
260 _aNoidaU.P.
_bAmaryllis
_c2022
270 _aC-16,Sector3,Noida,Uttar Pradesh
_bUttar Pradesh
_e201301
300 _aviii,304p.
_c19cm(hb)
500 _aUsing Mind Power to Achieve Peace, Clarity and Inner Strength
942 _2ddc
_cEN
_h158.1
_mMOE
999 _c211460
_d211460